Los caracteres distintivos de la Geografía

Invitado a disertar sobre Geografía ante un auditorio de futuros profesores formados en métodos científicos, pero que se preparan para enseñar disciplinas diferentes, me he preguntado, no sin perplejidad, cuál podría ser, entre las cuestiones que plantea un tema como éste, la que conviniera tratar p...

Full description

Bibliographic Details
Main Author: Vidal de la Blache, Paul 1845-1918
Format: Analitica de revista
Language:Spanish
Published: España : Didáctica Geográfica, 1979.
Subjects:
Online Access:Acceso electrónico al documento

MARC

LEADER 00000nam a22000007a 4500
008 200409s1979 sp |||| |||| 00| 0 spa d
952 |0 0  |1 0  |2 ddc  |4 0  |7 0  |8 COMP  |9 93894  |a BC  |b BC  |c General  |d 2020-06-10  |l 0  |r 2020-06-10 00:00:00  |w 2020-06-10  |y REVA  |A 234  |B PHIS 
999 |c 53509  |d 53509 
040 |a UAHC  |c UAHC 
100 |9 12266  |a Vidal de la Blache, Paul  |d 1845-1918. 
245 |a Los caracteres distintivos de la Geografía  |c Paul Vidal de la Blache. 
260 |a España :  |b Didáctica Geográfica,  |c 1979. 
300 |a p. 57-67 
500 |a En: Didáctica geográfica, no. 4, 1979. pp. 57-67. 
520 |a Invitado a disertar sobre Geografía ante un auditorio de futuros profesores formados en métodos científicos, pero que se preparan para enseñar disciplinas diferentes, me he preguntado, no sin perplejidad, cuál podría ser, entre las cuestiones que plantea un tema como éste, la que conviniera tratar por hallarse más de acuerdo con las circunstancias del momento. Me he visto sorprendido, hasta el extremo de tener que reflexionar, por los errores que prevalecen acerca del concepto mismo de Geografía. Dentro del conjunto de las Ciencias Naturales, a las que sin ninguna duda está vinculada, ocupa la Geografía un lugar aparte. Sus afinidades respecto de ellas no excluyen diferencias apreciables. Ahora bien; es principalmente en el ámbito de esas diferencias donde los conceptos carecen de precisión. Me ha parecido, por tanto, que si procuro aportar alguna luz sobre este aspecto del problema, es decir, si me ocupo en precisar lo que distingue a la Geografía, me ajustaré a la finalidad que anima estas conferencias. 
650 0 |9 1166  |a Geografía  |x Enseñanza 
856 |u https://didacticageografica.age-geografia.es/index.php/didacticageografica/article/view/503  |y Acceso electrónico al documento 
942 |2 ddc  |c REVA